Deutsch und Undeutsch als historiographisches Problem

Titel: Deutsch und Undeutsch als historiographisches Problem
Verfasser:
In: Zwischen Konfrontation und Kompromiss, (1995), Seite 185-195
alle Artikel anzeigen
Veröffentlicht: 1995
Format: Aufsatz
Sprache: Deutsch
Kein Bild verfügbar
X
alg: 39287696
001A    $01999:11-11-16 
001B    $01999:06-04-21 $t20:52:26.000 
001D    $01999:11-11-16 
001U    $0utf8 
001X    $00 
002@    $0Aox 
003@    $0392876965 
007A    $0392876965 $aHEB 
007T    $0Herde05399 
010@    $ager 
011@    $a1995 
021A    $aDeutsch und Undeutsch als historiographisches Problem 
028A    $#Zur Mühlen, Heinrich Dieter von $#Zur Muehlen, Heinz von $#Von zur Mühlen, Heinz $#Mühlen, Heinz von zur $#ZurMühlen, Heinz von $#Mühlen, Heinrich von zur $#ZurMühlen, Heinrich von $#Zur Mühlen, Heinrich von $#Zur Mü˜hlen, Heinz hlen, Heinz $71033658227 $8Zur Mühlen, Heinz$cvon$Z1914-2005 [Tp1] $9320606058 
031A    $h185-195 $j1995 
039B    $aIn $8--Aau--. Zwischen Konfrontation und Kompromiss. - München : Oldenbourg, 1995. - 263 S.. - ISBN 3-486-56047-6 $x199500000000000815 $9050523201 
045F    $a907.2094798 $eDDC23BSB 
045F/01 $a907.2 
045F/03 $g4798 
045F/03 $g437 
045F/03 $g4796 

lok: 39287696 78

exp: 39287696 78 1 #EPN
201B/01 $019-04-17 $t11:39:17.000 
201U/01 $0utf8 
203@/01 $0788987232 
208@/01 $a11-11-16 $be 
209A/01 $a/ $f000 $x00 
220C/01 $aTitelaufnehmer: pk 
220C/01 $aHerkunft: Baltische Bibliographie / P. Kaegbein 
244Z/01 $2Trx $#Estija $#Igaunija $#Estland $#Estonia $#Estonia $#Estónsko $#Estonsko $8--Trx--Eesti $x01 $9391237225 
244Z/01 $2Trx $#Latvija $#Lettland $#Łotwa $#Lotyšsko $8--Trx--Latvija $x02 $9391275879 
244Z/01 $2Trx $#historiograafia üldine $#istoriografija bendras $#Historiography $#történetírás általános $#historiografia ogólnie $#historiografia všeobecne $#historiografie všeobecně $#Geschichtsschreibung $#dejepis $8--Trx--Historiographie$gallgemein $x03 $9391362593 
244Z/01 $2Trx $#rahvagruppid ja rahvused $#tautinės ir etninės grupės $#ethnic groups $#népcsoportok és nemzetiségek $#grupy narodowościowe i etniczne $#národnosti a etniká $#skupiny etnické a etnika $#Ethnien $#etniká $8--Trx--Volksgruppen und Ethnien $x04 $9391376373 
244Z/01 $2Trx $#Kesk- ja Ida- Euroopa kontseptsioonid $#Vidurio Europos koncepcijos $#East-Central Europe $#Keletközépeurópa-eszmék $#Europa Środkowo-Wschodnia koncepcje $#Európa stredovýchodná koncepcie $#Evropa střední, východní část koncepce $#Mitteleuropa $#Osteuropakonzeptionen $#Europa Środkowa koncepcje $#Stredná Európa koncepcie $#Střední Europa koncepce $8--Trx--Ostmitteleuropakonzeptionen $x05 $9391364286 
244Z/01 $2Trx $8--Trx--Einzelbeiträge $x06 $9391384570 
245Z/01 $a04.01 $x01 
247C/01 $82080>Marburg/Lahn, Herder-Institut, Forschungsbibliothek, Bibliographieportal $9336309341
LEADER 00000caa a22000002c 4500
001 392876965
003 DE-603
005 20210406205226.0
007 tu
008 161111s1995 xx |||| | u00||u|ger c
035 |a (DE-599)HEB392876965 
040 |a DE-603  |b ger  |c DE-603  |d DE-603 
041 |a ger 
082 0 4 |8 1\u  |a 907.2094798  |q DE-101  |2 23/BSB 
085 |8 1\u  |b 907.2 
085 |8 1\u  |z 2  |s 4798 
085 |8 1\u  |z 2  |s 437 
085 |8 1\u  |z 2  |s 4796 
100 1 |a Zur Mühlen, Heinz von  |d 1914-2005  |0 (DE-603)320606058  |0 (DE-588)1033658227  |2 gnd 
245 0 0 |a Deutsch und Undeutsch als historiographisches Problem 
264 0 |c 1995 
773 0 8 |i In  |t Zwischen Konfrontation und Kompromiss  |d München : Oldenbourg, 1995  |h 263 S.  |z 3486560476  |g (1995), Seite 185-195  |w (DE-603)050523201 
924 0 |9 2080  |a (DE-603)788987232  |b DE-2080  |c HES  |d d  |g /